zpět

Detail výsledku týmu

U Kalicha, Rychnov u JnN

Datum a čas kvízu

11 Celkem bodů Celkový počet nahraných bodů na tomto kvízu bez doplňovacích otázek.
10. Pořadí na kvízu Konečné umístění týmu na tomto kvízu.

Zaznamenané odpovědi

# Otázka Odpověď Body Výsledky
0. Na jednom místě České republik... 1
2. Přes město Lake Worth na Flori... 0
3. V minulých dnech bylo oznámeno... 0
4. Od příštího roku by mohla z te... 0
5. Londýnský Arsenal už zná svého... 0
6. Jak se jmenuje herec, představ... 0
7. "Pravé bohatství se skrývá uvn... 0
8. Který alkoholický nápoj je dle... 1
9. Která česká modelka je v souča... 0
10. Jak se jmenuje značka piva, pr... 0